000 00305nam a22001337a 4500
008 180213b xxu||||| |||| 00| 0 eng d
020 _a577381001
041 _aeng
080 _a338
100 _a52
101 _aMEN
245 _aSystem management planning and control
_cLanford,H.W
942 _2udc
_cBK
999 _c42402
_d42402